000 00527nam a2200181Ia 4500
008 090124s9999 xx 000 0 und d
082 _b111243
100 _aपाटणकर बा.वा.
245 _a मराठी मुशायरा
250 _a1
260 _c1965
300 _a70
600 _aपाटणकर बा.वा.
630 _a मराठी मुशायरा
700 _aपाटणकर बा.वा.
730 _a मराठी मुशायरा
942 _cBOOK
999 _c157334
_d157334